| 000 | 00620nam a2200205Ia 4500 | ||
|---|---|---|---|
| 005 | 20250508165715.0 | ||
| 008 | 008 250505s9999 xx 000 0 eng d | ||
| 037 | _aTextual | ||
| 040 |
_aFEDL _beng _cFEDL |
||
| 041 |
_aeng _2eng |
||
| 084 |
_a500, RAM _qFEDL |
||
| 100 |
_aRamdas Jayashree _9781697 |
||
| 245 | 0 | _aSmall science : textbook class-III | |
| 260 |
_aDelhi, India _bHomi Bhabha Centre for Science Education _c2005 |
||
| 300 | _av,88p. | ||
| 365 |
_aINR _b40 |
||
| 546 | _aHomi Bhabha curriuclum for primary science pilot version | ||
| 942 |
_cTEXL _h500, RAM |
||
| 999 |
_c1396890 _d1396890 |
||